Normal view
MARC view
- López Chávez, Juan
Entry Nombre Personal
001 - NUMERO DE CONTROL
- campo de control: 40452
003 - IDENTIFICADOR DE NUMERO DE CONTROL
- campo de control: UPN
005 - FECHA Y HORA DE LA ÜLTIMA TRANSACCIÓN
- campo de control: 20210219194557.0
008 - DATOS DE LONGITUD FIJA
- campo de control de longitud fija: nabaccnnaabn|||||||||| b |nc|||||d
035 ## - NUMERO DE CONTROL
- Número de control: UPN11000012559
040 ## - FUENTE DE CATALOGACIÓN
- Lenguaje de catalogación: SPA
- Agencia de transcripción: UPN
100 1# - ENCABEZAMIENTO - NOMBRE PERSONAL
- Nombre personal: López Chávez, Juan
670 ## - FUENTE EN LA QUE SE LOCALIZARON DATOS
- Cita de la fuente: T
- Uniform Resource Identifier: http://letras.uaz.edu.mx/juan-lopez-chavez
680 ## - NOTA PUBLICA DE ACCESO PÚBLICO
- Frase explicativa de la referencia: Doctor en Lingüística Hispánica por la UNAM. Profesor-Investigador de la Maestría en Enseñanza de la Lengua Materna de la Unidad Académica de Letras de la Universidad Autónoma de Zacatecas
902 ## - CATALOGADOR
- Catalogador: MCM/140817
